Фоторобот запретного мира

Bibliographische Detailangaben
1. Verfasser: Жданов И. Ф. Иван Федорович
Sprache:Russisch
Veröffentlicht: СПб., Пушкинский фонд, 1998
Schlagworte:
Format: Buch
KOHA link:https://koha.lib.tpu.ru/cgi-bin/koha/opac-detail.pl?biblionumber=29818

MARC

LEADER 00000nam0a2200000 4500
001 29818
005 20231030203643.0
010 |a 5898030182 
035 |a (RuTPU)RU\TPU\book\30084 
035 |a BOOK00030160 
090 |a 29818 
100 |a 20011209d1998 m y0rusy50 ca 
101 0 |a rus 
102 |a RU 
105 |a y z 000ay 
200 1 |a Фоторобот запретного мира  |f И. Ф. Жданов 
210 |a СПб.  |c Пушкинский фонд  |d 1998 
215 |a 56 с. 
610 1 |a стихи 
610 1 |a поэзия 
675 |a Р2  |v 3 
700 1 |a Жданов  |b И. Ф.  |g Иван Федорович 
801 0 |a RU  |b 63413507  |c 20011209  |g PSBO 
801 2 |a RU  |b 63413507  |c 20050726  |g PSBO 
942 |c BK